Popular U.S. Baby Boy Names - Spot the Imposter - Statistics

General Stats
  • This quiz has been taken 141 times
    140 since last reset
  • The average score is 14 of 20
Answer Stats
Question Answer % Correct
Directionally challenged? Northton
94%
Great Expectations Omnipotent
91%
I'm just thankful Rash isn't on the list. Hash
85%
Did you say Jay-Z? Jazce
85%
Zodiac Signs Gemini
83%
Your name is what??? Did your parents just make that up? Syntax
83%
Hail to the Chiefs Polk
81%
Just some good ol' boys... Coy
79%
Quite the crew... Croo
79%
What's your I"den"tity? Maiden
77%
They say your job defines you. Farmer
75%
Royally painful names Viscount
75%
The Force is strong with these... Jango
72%
My home town doesn't define me...oh wait, maybe it does. Baltimore
68%
Virtue Signaling Genteel
64%
Champagne dreams on a six-pack budget Gucci
64%
Hail to the other Chiefs Garfield
57%
Catching some Zzzs... Zephyr
32%
Future tree-huggers? Creek
30%
Your NBA All-Star Lineup Shaquille
23%
No matching quizzes found
Score Distribution
Percent of People with Each Score
Percentile by Number Answered
Your Score History
You have not taken this quiz since the last reset